000 00382cam a22001217a 4500
008 180718b1965 xxu||||| |||| 00| 0 eng d
082 _aA81x5414 In2/61/12/Pt3
100 _aCensus of India 1961
245 _aOrissa: household economic tables
260 _aDelhi
_bThe Manager of Publications
_c1965
300 _a677+p.
440 _aCensus of India 1961. Volume XII, Orissa. Part III
999 _c484600
_d484600